The Incredibles - Characters by Picture - Statistics

General Stats
  • This quiz has been taken 117 times
  • The average score is 16 of 46
Answer Stats
Picture Answer % Correct
Mr. Incredible / Robert 'Bob' Parr
95%
Violet Parr
95%
Mrs. Incredible / Elastigirl / Helen Parr
94%
Dash Parr
92%
Edna Mode
89%
Jack-Jack Parr
88%
Frozone / Lucius Best
86%
Syndrome / Buddy Pine
71%
The Underminer
59%
Mirage
52%
Bomb Voyage
51%
Anthony 'Tony' Rydinger
48%
Screenslaver / Evelyn Deavor
47%
Gazerbeam / Simon J. Paladino
43%
Rick Dicker
41%
Omnidroid
35%
Voyd / Karen
35%
Brick / Concretia 'Connie' Mason
34%
Kari McKeen
33%
Winston Deavor
30%
Bernard 'Bernie' Kropp
28%
Gamma Jack
25%
Reflux / Gus Burns
25%
Screech
24%
Dynaguy
22%
Amb. Henrietta Selick
20%
Gilbert Huph
20%
Fironic
18%
Thunderhead
18%
Universal Man
18%
Apogee
14%
He-Lectrix
14%
Krushauer
14%
Meta-Man
14%
Everseer
13%
Hypershock
13%
Oliver Sansweet
13%
Macroburst
12%
Splashdown
12%
Phylange
11%
Plasmabolt
11%
Psycwave
11%
Stratogale
11%
Downburst
10%
Stormicide
10%
Blazestone
8%
No matching quizzes found
Score Distribution
Percent of People with Each Score
Percentile by Number Answered
Your Score History
You have not taken this quiz